[Event "Lichtenberger Sommer"]
[Site "Berlin"]
[Date "2009.08.15"]
[Round "1.51"]
[White "Ozeran, Volodymyr"]
[Black "Kasper, Peter"]
[Result "1-0"]
[WhiteElo "2009"]
[BlackElo "1583"]
[PlyCount "53"]
[EventDate "2009.??.??"]
[WhiteTeam "SK Dessau 93 e. V."]
[BlackTeam "SG Eckturm"]

1. d4 g6 2. e4 d6 3. Bc4 Bg7 4. c3 Nf6 5. Nd2 c6 6. Ngf3 O-O 7. e5 dxe5 8. Nxe5
Nd5 9. O-O Nd7 10. Ndf3 h6 11. Re1 Kh7 12. Qe2 e6 13. Bd3 Qc7 14. Nxf7 Rxf7 15.
Bxg6+ Kxg6 16. Qe4+ Rf5 17. g4 N7f6 18. gxf5+ exf5 19. Ne5+ Kh7 20. Qg2 Ng4 21.
Nxg4 fxg4 22. Qe4+ Kh8 23. Qg6 Bd7 24. Bxh6 Bxh6 25. Qxh6+ Kg8 26. Re5 Be8 27.
Rg5+ 1-0

[Event "Lichtenberger Sommer"]
[Site "Berlin"]
[Date "2009.08.15"]
[Round "1.52"]
[White "Mohr, Horst"]
[Black "Magnussen, Helge"]
[Result "0-1"]
[WhiteElo "1582"]
[BlackElo "2008"]
[PlyCount "79"]
[EventDate "2009.??.??"]
[WhiteTeam "SC Caissa Falkensee e.V."]
[BlackTeam "SV Empor Berlin e.V."]

1. d4 Nf6 2. Nf3 c5 3. dxc5 Qa5+ 4. Bd2 Qxc5 5. Nc3 b6 6. g3 Bb7 7. Bg2 e6 8.
O-O Be7 9. Re1 O-O 10. Na4 Qc6 11. b3 b5 12. Nb2 d5 13. Ne5 Qc7 14. Nf3 Nbd7
15. a4 b4 16. Nd3 a5 17. Bf4 Bd6 18. Bxd6 Qxd6 19. Nd4 Ba6 20. Nb5 Qc6 21. Nd4
Qb6 22. e3 Rac8 23. Rc1 Rc7 24. f4 Rfc8 25. g4 Bxd3 26. Qxd3 Nxg4 27. Qe2 Ngf6
28. f5 e5 29. Nb5 Rc5 30. Red1 Nb8 31. Rd2 Nc6 32. Kh1 Ne7 33. Qf2 Nd7 34. Rcd1
Nf6 35. Bh3 Ne4 36. Qg2 Nxd2 37. Rg1 Qf6 38. Qxd2 Rxc2 39. Qd3 Qh4 40. Rg2 0-1

[Event "Lichtenberger Sommer"]
[Site "Berlin"]
[Date "2009.08.15"]
[Round "1.53"]
[White "Keil, Uwe"]
[Black "Mildenberger, Hans"]
[Result "1-0"]
[WhiteElo "2001"]
[BlackElo "1577"]
[PlyCount "57"]
[EventDate "2009.??.??"]
[WhiteTeam "SC Friesen Lichtenberg e.V."]
[BlackTeam "BVG Helmholtz"]

1. e4 e6 2. d4 d5 3. Nc3 Bb4 4. e5 c5 5. a3 Bxc3+ 6. bxc3 Nc6 7. Qg4 Qa5 8. Bd2
Nge7 9. Bd3 Qa4 10. Qxg7 Rg8 11. Qf6 Ng6 12. Nf3 cxd4 13. O-O dxc3 14. Bg5 Qa5
15. Bxg6 hxg6 16. Nd4 Qd8 17. Qxd8+ Nxd8 18. Nb5 Kd7 19. Rfd1 Nc6 20. Bf6 b6
21. Nxc3 Ba6 22. Ne4 Bc4 23. Nd6 Kc7 24. Nxc4 dxc4 25. Rd6 Rae8 26. Rad1 a5 27.
Rd7+ Kc8 28. Rxf7 Rgf8 29. Rg7 1-0

[Event "Lichtenberger Sommer"]
[Site "Berlin"]
[Date "2009.08.15"]
[Round "1.54"]
[White "Koischwitz, Wanja"]
[Black "Welz, Peter"]
[Result "0-1"]
[WhiteElo "1574"]
[BlackElo "1990"]
[PlyCount "154"]
[EventDate "2009.??.??"]
[WhiteTeam "Queer-Springer SSV Berlin"]
[BlackTeam "SV Empor Berlin e.V."]

1. d4 f5 2. Bg5 g6 3. e3 Bg7 4. Nf3 c5 5. c3 Qb6 6. Qc2 Nf6 7. Nbd2 O-O 8. Nc4
Qc7 9. Bd3 b5 10. Ncd2 c4 11. Be2 Bb7 12. Bf4 Qd8 13. O-O Nc6 14. b3 d5 15.
bxc4 bxc4 16. Rab1 Bc8 17. Ne5 Nxe5 18. Bxe5 Ne4 19. Bxg7 Kxg7 20. f3 Nf6 21.
e4 e6 22. Rb2 f4 23. Rfb1 h5 24. Qa4 Qd7 25. Qa5 Rf7 26. Bd1 Qc7 27. Qa3 e5 28.
exd5 Nxd5 29. Rb5 Ne3 30. Rxe5 Bf5 31. Ne4 Rb8 32. Rc1 Bxe4 33. fxe4 Qb7 34.
Bf3 Qb2 35. Qxb2 Rxb2 36. Ra5 Rfb7 37. e5 Rb1 38. Rxb1 Rxb1+ 39. Kf2 Rb2+ 40.
Ke1 Rc2 41. Rxa7+ Kh6 42. e6 Rc1+ 43. Kf2 Rc2+ 44. Be2 Ng4+ 45. Ke1 Rxc3 46.
Kd2 Re3 47. Bxc4 Nf6 48. e7 Ne4+ 49. Kc2 Nd6 50. Bd3 Nc8 51. Ra6 Nxe7 52. d5 f3
53. gxf3 Rxf3 54. Re6 Nf5 55. Bxf5 Rxf5 56. d6 Rd5 57. Kc3 Kg7 58. Kc4 Rd2 59.
a4 Rxh2 60. Kc5 Rd2 61. Kc6 h4 62. d7 h3 63. Re7+ Kf6 64. Re8 h2 65. Re1 g5 66.
Kc7 g4 67. a5 g3 68. Rh1 g2 69. Rxh2 Rxd7+ 70. Kxd7 g1=Q 71. Rh6+ Kg7 72. Ra6
Kf7 73. Kc7 Ke7 74. Kb7 Kd7 75. Rb6 Qg2+ 76. Ka6 Qe2+ 77. Rb5 Kc6 0-1

[Event "Lichtenberger Sommer"]
[Site "Berlin"]
[Date "2009.08.15"]
[Round "1.55"]
[White "Heuser, Philip"]
[Black "Wendland, Frank"]
[Result "1-0"]
[WhiteElo "1985"]
[BlackElo "1573"]
[PlyCount "165"]
[EventDate "2009.??.??"]
[WhiteTeam "SG Heidelberg-Kirchheim"]
[BlackTeam "Treptower SV 1949 e.V."]

1. d4 Nf6 2. c4 g6 3. Nc3 Bg7 4. Nf3 d5 5. Bg5 c6 6. e3 O-O 7. Bd3 Nbd7 8. O-O
Qc7 9. cxd5 cxd5 10. Rc1 Qa5 11. Qe2 a6 12. a3 Re8 13. Rfd1 e5 14. Bxf6 Bxf6
15. b4 Qd8 16. Nxd5 e4 17. Nc7 exd3 18. Rxd3 Rb8 19. Nxe8 Qxe8 20. Qc2 b5 21.
Qc7 Bb7 22. Rdc3 Bxf3 23. gxf3 Kg7 24. Rc6 Bd8 25. Qa7 Rb6 26. Rxb6 Nxb6 27.
Qxa6 Nc4 28. a4 Nd2 29. Qc6 Qe7 30. axb5 Qg5+ 31. Kh1 Qh5 32. Rg1 Nxf3 33. Rg2
Nh4 34. Rg1 Nf3 35. Rg2 Nh4 36. Rg3 Qd1+ 37. Rg1 Qh5 38. Qe4 Bc7 39. Qg4 Qd5+
40. e4 Qd8 41. Qg5 Qxg5 42. Rxg5 Nf3 43. Rd5 Bb6 44. Rd6 Bxd4 45. Kg2 Ne1+ 46.
Kf1 Nc2 47. h3 Be5 48. Rd5 Kf6 49. b6 Nxb4 50. Rd8 Ke7 51. Rc8 Kd7 52. b7 Nc6
53. Ke2 f5 54. Kd3 f4 55. Ke2 Nd4+ 56. Kd3 Nc6 57. Kd2 h6 58. Rg8 g5 59. Rc8 h5
60. f3 h4 61. Ke2 Nd4+ 62. Kf2 Nc6 63. Kg2 Bd6 64. Rg8 Kc7 65. Rxg5 Kxb7 66.
Rg4 Kc7 67. Rxh4 Kd7 68. Rh5 Ke7 69. h4 Ne5 70. Rf5 Nf7 71. Kh3 Nh6 72. Rh5 Nf7
73. Kg4 Kf6 74. Rf5+ Kg7 75. Rd5 Kg6 76. h5+ Kg7 77. Kf5 Nh6+ 78. Ke6 Bb4 79.
Rg5+ Kh7 80. e5 Bf8 81. Kd7 Nf7 82. Rf5 Kg7 83. e6 1-0

[Event "Lichtenberger Sommer"]
[Site "Berlin"]
[Date "2009.08.15"]
[Round "1.56"]
[White "Gabriel, Liem Thanh"]
[Black "Bendfeldt, Tim"]
[Result "0-1"]
[WhiteElo "1573"]
[BlackElo "1984"]
[PlyCount "82"]
[EventDate "2009.??.??"]
[WhiteTeam "Treptower SV 1949 e.V."]
[BlackTeam "Kieler SG von 1884 / Meerbauer"]

1. e4 e6 2. d4 d5 3. exd5 exd5 4. Bd3 Nc6 5. c3 Bd6 6. Ne2 Nge7 7. Bf4 Bf5 8.
Qc2 Bxd3 9. Qxd3 Bxf4 10. Nxf4 Qd6 11. Qg3 O-O-O 12. O-O h5 13. Nd2 Kb8 14. b4
h4 15. Qg4 g5 16. Ne2 Rdg8 17. a4 f5 18. Qf3 g4 19. Qe3 Ng6 20. f4 Re8 21. Qd3
Re7 22. a5 Rhe8 23. Rae1 g3 24. h3 Re3 25. Qxf5 Rxe2 26. Nf3 Rxe1 27. Nxe1 Rf8
28. Qg4 Rxf4 29. Rxf4 Qxf4 30. Qxf4 Nxf4 31. Kf1 b6 32. axb6 cxb6 33. Nf3 Ng6
34. Ke2 a5 35. bxa5 bxa5 36. Kd2 Kc7 37. Kc2 Nce7 38. Kb3 Nf5 39. Ka4 Kb6 40.
Kb3 Kb5 41. Ne1 Ne3 0-1

[Event "Lichtenberger Sommer"]
[Site "Berlin"]
[Date "2009.08.15"]
[Round "1.57"]
[White "Costello, Colin"]
[Black "Mako, Attila"]
[Result "1-0"]
[WhiteElo "1981"]
[BlackElo "1567"]
[PlyCount "53"]
[EventDate "2009.??.??"]
[WhiteTeam "SC Weisse Dame e.V."]
[BlackTeam "BSC Rehberge 1945 e.V."]

1. c4 g6 2. Nc3 Nf6 3. g3 Bg7 4. Bg2 d6 5. Nf3 Nc6 6. d3 Rb8 7. Rb1 Bd7 8. O-O
Ng4 9. Nd5 e6 10. Ne3 Nh6 11. b4 b5 12. Bb2 Bxb2 13. Rxb2 bxc4 14. Nxc4 Nxb4
15. Qd2 Nxd3 16. Rxb8 Qxb8 17. exd3 Nf5 18. Ne3 Ng7 19. Ng4 Qd8 20. Qc3 e5 21.
Nfxe5 dxe5 22. Qxe5+ Kf8 23. Nf6 Be6 24. Rb1 h5 25. Rb8 Ke7 26. Rxd8 Rxd8 27.
Qxc7+ 1-0

[Event "Lichtenberger Sommer"]
[Site "Berlin"]
[Date "2009.08.15"]
[Round "1.58"]
[White "Dietzel, Uwe"]
[Black "Krajewski, Wolfgang"]
[Result "0-1"]
[WhiteElo "1564"]
[BlackElo "1978"]
[PlyCount "116"]
[EventDate "2009.??.??"]
[WhiteTeam "TSV Lichtentanne SAbt"]
[BlackTeam "SK Zehlendorf e.V."]

1. d4 d5 2. Nf3 Bf5 3. e3 e6 4. Bd3 Bg4 5. Nbd2 Nf6 6. O-O Be7 7. c4 c6 8. Qb3
Qc7 9. c5 Nbd7 10. Qc3 b6 11. b4 a5 12. a3 O-O 13. Bb2 b5 14. Qc2 Ra7 15. Ng5
h6 16. Nh7 Rfa8 17. Nxf6+ Nxf6 18. f3 Bh5 19. Bc3 axb4 20. axb4 Qb8 21. Nb3 Qe8
22. Na5 Bd8 23. Qb2 Bg6 24. Bxg6 fxg6 25. Ra2 Bxa5 26. Rxa5 Rxa5 27. bxa5 Nd7
28. Bb4 Nb8 29. Re1 Qd8 30. Qd2 Na6 31. Ra1 Ra7 32. Bc3 Qb8 33. Rb1 b4 34. Qd3
Kh7 35. Be1 Qb7 36. h4 h5 37. g4 Qf7 38. Kg2 Kg8 39. g5 Qf5 40. Qxf5 gxf5 41.
Kg3 g6 42. f4 Rb7 43. Rb2 Rb5 44. Kf3 Kf7 45. Ke2 Ke7 46. Kd3 Kd7 47. Kc2 Kc7
48. Kb3 Rxa5 49. Bxb4 Ra1 50. Bd2 Rh1 51. Ra2 Kb7 52. Ka4 Nc7 53. Rb2+ Nb5 54.
Rxb5+ cxb5+ 55. Kxb5 Rxh4 56. c6+ Kc8 57. Kc5 Rh2 58. Ba5 Re2 0-1

[Event "Lichtenberger Sommer"]
[Site "Berlin"]
[Date "2009.08.15"]
[Round "1.59"]
[White "Kayser, Stefan"]
[Black "Sotter-Klundt, Gerlinde"]
[Result "1-0"]
[WhiteElo "1964"]
[BlackElo "1560"]
[PlyCount "53"]
[EventDate "2009.??.??"]
[WhiteTeam "Schachclub Oranienburg e.V."]
[BlackTeam "SC S.-W. Schweinheim"]

1. d4 d5 2. c4 c6 3. Nc3 Nf6 4. Nf3 e6 5. Bg5 Be7 6. cxd5 exd5 7. e3 O-O 8. Qc2
h6 9. h4 Nbd7 10. Bd3 Re8 11. O-O-O Nf8 12. Bf4 Bg4 13. Rdg1 Nh5 14. Ne5 Be6
15. g4 Nxf4 16. exf4 Qb6 17. f5 Qxd4 18. fxe6 Qxe5 19. exf7+ Kxf7 20. Kb1 g6
21. f4 Qe6 22. g5 Kg7 23. gxh6+ Kxh6 24. h5 g5 25. Bg6 Red8 26. Ne2 Bf6 27. Ng3
1-0

[Event "Lichtenberger Sommer"]
[Site "Berlin"]
[Date "2009.08.15"]
[Round "1.60"]
[White "Krawatzki, Armin"]
[Black "Sabrowski, Uwe"]
[Result "1-0"]
[WhiteElo "1559"]
[BlackElo "1956"]
[PlyCount "55"]
[EventDate "2009.??.??"]
[WhiteTeam "SVG Läufer Reinickendorf e.V."]
[BlackTeam "SC Friesen Lichtenberg e.V."]

1. Nf3 c5 2. g3 Nf6 3. Bg2 g6 4. d3 Bg7 5. e4 Nc6 6. Nbd2 O-O 7. O-O e5 8. Re1
d6 9. Nf1 Ne8 10. c3 h6 11. Ne3 Be6 12. Bd2 Qd7 13. Qc2 f5 14. exf5 gxf5 15.
Nh4 f4 16. gxf4 exf4 17. Nf1 Ne5 18. d4 cxd4 19. cxd4 Rc8 20. Qe4 f3 21. Nxf3
Nxf3+ 22. Bxf3 Bf5 23. Qh4 Rf6 24. Ng3 Be6 25. d5 Rxf3 26. Rxe6 Nc7 27. Rg6 Kf7
28. Qh5 1-0

[Event "Lichtenberger Sommer"]
[Site "Berlin"]
[Date "2009.08.15"]
[Round "1.61"]
[White "Kirchhof, Arno"]
[Black "Theilig, Reinhard"]
[Result "1-0"]
[WhiteElo "1953"]
[BlackElo "1559"]
[PlyCount "111"]
[EventDate "2009.??.??"]
[WhiteTeam "SC Garching 1980 e.V."]
[BlackTeam "SG TT/Wiheil"]

1. d4 d5 2. c4 e6 3. Nc3 Nf6 4. cxd5 exd5 5. Bg5 Be7 6. e3 c6 7. Bd3 h6 8. Bh4
O-O 9. Qd2 Nbd7 10. Nf3 a6 11. O-O Re8 12. Rab1 b5 13. Rbc1 Bb7 14. Rfe1 Rc8
15. Qe2 Nh7 16. Bxe7 Qxe7 17. Nd2 Qg5 18. Nb3 c5 19. Qf3 cxd4 20. Nxd4 Ne5 21.
Qd1 Nxd3 22. Qxd3 Nf8 23. a3 g6 24. Red1 Ne6 25. Nf3 Qf6 26. b4 Ng5 27. Nxg5
Qxg5 28. Qf1 Qe5 29. Ne2 Rxc1 30. Rxc1 Rc8 31. Rxc8+ Bxc8 32. Qc1 Bf5 33. Nd4
Bd7 34. Qc3 Qe4 35. h3 Qe5 36. Qc5 Qg5 37. Nf3 Qf5 38. Qd6 Qe6 39. Qxe6 fxe6
40. Ne5 Be8 41. f4 Kg7 42. Kf2 Kf6 43. Kf3 h5 44. h4 Kf5 45. g3 Kf6 46. g4
hxg4+ 47. Kxg4 Bf7 48. Nd7+ Ke7 49. Nc5 Kd6 50. Nxa6 e5 51. Kg5 exf4 52. Kxf4
Kc6 53. Ke5 Be8 54. Nc5 Bf7 55. Ne6 Kd7 56. Nd4 1-0

[Event "Lichtenberger Sommer"]
[Site "Berlin"]
[Date "2009.08.15"]
[Round "1.62"]
[White "Radloff, Rainer"]
[Black "Penne, Bo"]
[Result "1/2-1/2"]
[WhiteElo "1553"]
[BlackElo "1950"]
[PlyCount "59"]
[EventDate "2009.??.??"]
[WhiteTeam "SC Weiße Dame e.V."]
[BlackTeam "USV Potsdam e.V., Abt. Schach"]

1. d4 d5 2. e3 Nf6 3. Bd3 c6 4. Nd2 Bg4 5. Ngf3 e6 6. O-O Be7 7. Re1 O-O 8. c3
Nbd7 9. h3 Bh5 10. Be2 Qc7 11. Nh2 Bxe2 12. Rxe2 e5 13. dxe5 Nxe5 14. Nhf3
Nxf3+ 15. Nxf3 Ne4 16. Nd2 f5 17. Nf1 Bd6 18. Bd2 Rae8 19. Rc1 f4 20. exf4 Bxf4
21. Bxf4 Qxf4 22. Qe1 Qg5 23. Nh2 Nd6 24. Rcc2 Re4 25. f3 Rxe2 26. Rxe2 Nf5 27.
Re8 Qg6 28. Re6 Qf7 29. Ng4 Qc7 30. Re8 1/2-1/2

[Event "Lichtenberger Sommer"]
[Site "Berlin"]
[Date "2009.08.15"]
[Round "1.63"]
[White "Hoppensack, Manfred"]
[Black "Bauer, Stefan"]
[Result "1-0"]
[WhiteElo "1948"]
[BlackElo "1544"]
[PlyCount "87"]
[EventDate "2009.??.??"]
[WhiteTeam "SC Friesen Lichtenberg e.V."]
[BlackTeam "SC Kreuzberg e.V."]

1. e4 c5 2. Nf3 d6 3. d4 cxd4 4. Nxd4 a6 5. Nc3 Nf6 6. Be2 g6 7. Be3 Bg7 8. Qd2
O-O 9. h4 h5 10. f3 e5 11. Nb3 Be6 12. O-O-O Ne8 13. g4 Bxb3 14. cxb3 Nc6 15.
gxh5 gxh5 16. Rdg1 Rc8 17. Kb1 Ne7 18. Bg5 Kh8 19. Nd5 f6 20. Bh6 Ng8 21. Be3
Rf7 22. f4 Rfc7 23. Nxc7 Qxc7 24. Rc1 Qd7 25. Rxc8 Qxc8 26. fxe5 fxe5 27. Bxh5
Ngf6 28. Bg6 Qg4 29. Rg1 Qf3 30. Qf2 Qxf2 31. Bxf2 Nc7 32. Rc1 Ne6 33. Rc8+ Ng8
34. Bf7 Nf8 35. Be3 Nf6 36. Bg6 Ng8 37. h5 Ne7 38. Re8 Nexg6 39. hxg6 Kg8 40.
Bg5 Kh8 41. Be7 Kg8 42. Bxd6 b5 43. b4 Bh6 44. Bxe5 1-0

[Event "Lichtenberger Sommer"]
[Site "Berlin"]
[Date "2009.08.15"]
[Round "1.64"]
[White "Stolze, Dirk"]
[Black "Schmidt, Jürgen"]
[Result "0-1"]
[WhiteElo "1536"]
[BlackElo "1930"]
[PlyCount "98"]
[EventDate "2009.??.??"]
[WhiteTeam "SK Tempelhof 1931 e.V."]
[BlackTeam "SC Kreuzberg e.V."]

1. d4 d5 2. c4 e6 3. cxd5 exd5 4. Nf3 Nf6 5. Bg5 Be7 6. e3 O-O 7. Bd3 Ne4 8.
Bxe7 Qxe7 9. O-O Bg4 10. h3 Bh5 11. Nc3 c6 12. Be2 Nd7 13. a3 Bg6 14. Rc1 Rfe8
15. Re1 Ng5 16. Nxg5 Qxg5 17. Bd3 Bxd3 18. Qxd3 Nf6 19. Rc2 Ne4 20. b4 Re6 21.
Nxe4 dxe4 22. Qe2 Rg6 23. g3 Qe7 24. Rc5 b6 25. Re5 Re6 26. Qc4 Rxe5 27. dxe5
Qxe5 28. Qxc6 Rd8 29. Rc1 g6 30. Qb7 Qb2 31. Rf1 Qxa3 32. Qxe4 a5 33. bxa5 bxa5
34. Rb1 Qd3 35. Qxd3 Rxd3 36. Rb8+ Kg7 37. Ra8 Ra3 38. Kf1 Ra2 39. Ke1 a4 40.
f4 a3 41. Kd1 Ra1+ 42. Kc2 a2 43. e4 Rg1 44. Rxa2 Rxg3 45. Ra7 Rxh3 46. e5 Rf3
47. e6 Rxf4 48. Kd3 Rf6 49. e7 Re6 0-1

[Event "Lichtenberger Sommer"]
[Site "Berlin"]
[Date "2009.08.15"]
[Round "1.65"]
[White "Kühnemund, Lutz"]
[Black "Glöß, Henrik"]
[Result "1-0"]
[WhiteElo "1924"]
[BlackElo "1533"]
[PlyCount "87"]
[EventDate "2009.??.??"]
[WhiteTeam "SC Friesen Lichtenberg e.V."]
[BlackTeam "Sfr.Nord-Ost Berlin"]

1. b4 d5 2. Bb2 Nf6 3. e3 g6 4. Nf3 Bg7 5. c4 O-O 6. Be2 dxc4 7. Bxc4 b6 8. O-O
Bb7 9. d4 e6 10. Nbd2 Nc6 11. a3 Ne7 12. Qc2 Rc8 13. Rfd1 c5 14. dxc5 bxc5 15.
Nb3 Qe8 16. Nxc5 Bxf3 17. gxf3 Qc6 18. Qe2 Nf5 19. Bb5 Qa8 20. e4 Nh4 21. Bxf6
Bxf6 22. Rab1 Be7 23. Nd7 Rfd8 24. Ne5 g5 25. Rxd8+ Bxd8 26. f4 Qb8 27. Be8 f6
28. Qh5 Qc7 29. Nc6 Qg7 30. fxg5 fxg5 31. Rd1 Be7 32. Bd7 Rf8 33. Bxe6+ Kh8 34.
Bf5 Nxf5 35. exf5 Bf6 36. Qg4 Qb7 37. Qc4 Rc8 38. b5 h5 39. a4 h4 40. h3 Qc7
41. Qd5 Ra8 42. Qe6 Qg7 43. Rd7 Qh6 44. Ne5 1-0

[Event "Lichtenberger Sommer"]
[Site "Berlin"]
[Date "2009.08.15"]
[Round "1.66"]
[White "Krüger, Stefan"]
[Black "Baier, Reinhard"]
[Result "0-1"]
[WhiteElo "1520"]
[BlackElo "1919"]
[PlyCount "132"]
[EventDate "2009.??.??"]
[WhiteTeam "SC Friesen Lichtenberg e.V."]
[BlackTeam "BSG 1827 Eckbauer e.V."]

1. d4 d5 2. c4 e5 3. dxe5 d4 4. Nf3 Nc6 5. g3 Be6 6. Nbd2 Bb4 7. Bg2 Bxc4 8.
O-O Bd5 9. Nb3 Nge7 10. Nbxd4 Nxd4 11. Nxd4 Bxg2 12. Kxg2 Qd5+ 13. Kg1 O-O-O
14. e3 Qxe5 15. Qb3 Bc5 16. Qxf7 Bxd4 17. exd4 Rxd4 18. Bf4 Qf6 19. Qxf6 gxf6
20. Be3 Rd3 21. Bc5 Nc6 22. Rfe1 h5 23. Re6 f5 24. Rf6 Rd5 25. Be3 h4 26. Kg2
hxg3 27. hxg3 a6 28. Bf4 Rh7 29. Rh1 Rxh1 30. Kxh1 Nd4 31. Rf8+ Rd8 32. Rxd8+
Kxd8 33. Kg2 c6 34. Kh3 Ke7 35. Kh4 Ke6 36. Kg5 Nf3+ 37. Kg6 c5 38. Bc7 b5 39.
Bb6 c4 40. Ba5 Ne5+ 41. Kg5 Nd3 42. f3 Nxb2 43. Kf4 Nd3+ 44. Ke3 Kd5 45. g4
fxg4 46. fxg4 Nc1 47. a3 Nb3 48. Bc3 a5 49. g5 Ke6 50. g6 a4 51. g7 Kf7 52. Ke4
Nc1 53. Kd5 Ne2 54. Bd2 c3 55. Be3 b4 56. axb4 a3 57. b5 a2 58. b6 a1=Q 59. Kc6
Qa4+ 60. Kc7 Qc4+ 61. Kb8 Qe6 62. Kc7 Qxe3 63. b7 Qa7 64. Kc8 Kxg7 65. b8=Q
Qxb8+ 66. Kxb8 c2 0-1

[Event "Lichtenberger Sommer"]
[Site "Berlin"]
[Date "2009.08.15"]
[Round "1.67"]
[White "Petkov, Peter"]
[Black "Völler, Lothar"]
[Result "1-0"]
[WhiteElo "1918"]
[BlackElo "1509"]
[PlyCount "94"]
[EventDate "2009.??.??"]
[WhiteTeam "vereinslos"]
[BlackTeam "Freier Sportverein von 1898 Dort"]

1. e4 e5 2. Nf3 Nc6 3. Bb5 Nd4 4. Nxd4 exd4 5. O-O Bc5 6. c3 Ne7 7. d3 O-O 8.
Nd2 d6 9. Nb3 dxc3 10. bxc3 Bb6 11. d4 f5 12. f3 fxe4 13. fxe4 c6 14. Bd3 Rxf1+
15. Qxf1 Qf8 16. Bf4 Ng6 17. Bg3 Qe7 18. Re1 Bd7 19. Qe2 Rf8 20. e5 dxe5 21.
Bxg6 hxg6 22. Qxe5 Qxe5 23. Rxe5 Re8 24. Kf1 Kf7 25. Rxe8 Kxe8 26. Be5 Kf7 27.
Kf2 Be6 28. Ke3 a5 29. g3 a4 30. Nc1 c5 31. Kd3 c4+ 32. Ke4 Bf5+ 33. Kd5 Bd3
34. Nxd3 cxd3 35. Bf4 Bc7 36. Bd2 Kf6 37. Ke4 g5 38. c4 g4 39. c5 b6 40. c6 Ke6
41. d5+ Kf6 42. Bc3+ Ke7 43. Kxd3 Bd6 44. Kc4 Kd8 45. Bd4 Kc7 46. Kb5 Ba3 47.
Kxa4 Kd6 1-0

[Event "Lichtenberger Sommer"]
[Site "Berlin"]
[Date "2009.08.15"]
[Round "1.68"]
[White "Knaak, Hans"]
[Black "Strehlow, Horst"]
[Result "0-1"]
[WhiteElo "1498"]
[BlackElo "1907"]
[PlyCount "54"]
[EventDate "2009.??.??"]
[WhiteTeam "Forster Schachclub 95"]
[BlackTeam "SC Friesen Lichtenberg e.V."]

1. d4 Nf6 2. c4 e6 3. Nc3 Bb4 4. Qc2 c5 5. a3 Bxc3+ 6. bxc3 d6 7. Bg5 Nbd7 8.
e3 cxd4 9. Bxf6 Nxf6 10. cxd4 O-O 11. Nf3 b6 12. Bd3 Bb7 13. e4 h6 14. O-O Rc8
15. Rac1 d5 16. exd5 Bxd5 17. Qe2 Bxf3 18. Qxf3 Qxd4 19. Rfd1 Qc5 20. h3 Rfd8
21. Rb1 Rd7 22. Rb5 Qc6 23. Qe2 Rcd8 24. Rbb1 Rd4 25. Rbc1 Qd6 26. Rc3 Ne4 27.
Rb3 Nc5 0-1

[Event "Lichtenberger Sommer"]
[Site "Berlin"]
[Date "2009.08.15"]
[Round "1.69"]
[White "Schmidt, Frank"]
[Black "Steppan, Siegfried"]
[Result "1-0"]
[WhiteElo "1904"]
[BlackElo "1484"]
[PlyCount "53"]
[EventDate "2009.??.??"]
[WhiteTeam "SV Eutin von 1875"]
[BlackTeam "SV Werder/H."]

1. d4 Nf6 2. c4 g6 3. Nc3 Bg7 4. e4 d6 5. Nf3 O-O 6. Be2 c5 7. O-O Nc6 8. d5
Na5 9. h3 e5 10. Rb1 a6 11. Be3 b5 12. cxb5 axb5 13. Bxb5 Ba6 14. Bxa6 Rxa6 15.
Nd2 Qd7 16. Qe2 Raa8 17. a3 Nh5 18. b4 Nf4 19. Qf3 Nb7 20. Nc4 Qe7 21. bxc5
Nxc5 22. Nb5 Rfd8 23. Nbxd6 Ncd3 24. Rb7 Qxd6 25. Nxd6 Rxd6 26. g3 Nh5 27.
Qxf7+ 1-0

[Event "Lichtenberger Sommer"]
[Site "Berlin"]
[Date "2009.08.15"]
[Round "1.70"]
[White "Bender, Sebastian"]
[Black "Inngauer, Wolfram"]
[Result "1-0"]
[WhiteElo "1482"]
[BlackElo "1898"]
[PlyCount "99"]
[EventDate "2009.??.??"]
[WhiteTeam "SC Zugzwang 95 e.V."]
[BlackTeam "CFC Hertha 06 e.V."]

1. e4 e6 2. d4 d5 3. Nd2 dxe4 4. Nxe4 Bd7 5. Nf3 Bc6 6. Bd3 Bxe4 7. Bxe4 c6 8.
O-O Nf6 9. Bd3 Bd6 10. Bg5 Nbd7 11. Re1 h6 12. Bh4 Qc7 13. c4 Bf4 14. Bg3 O-O-O
15. Ne5 Bxe5 16. dxe5 Ng8 17. Qg4 h5 18. Qf3 Nc5 19. Rad1 g5 20. h3 Nh6 21. Qe3
Nxd3 22. Rxd3 Nf5 23. Qd2 Nxg3 24. fxg3 Rxd3 25. Qxd3 Rd8 26. Qe3 Qa5 27. Rf1
Rd7 28. Qxg5 Qc5+ 29. Kh2 Qxc4 30. Qg8+ Kc7 31. Rxf7 Rxf7 32. Qxf7+ Kb6 33.
Qxh5 Qxa2 34. Qe2 Qd5 35. h4 c5 36. h5 c4 37. h6 Qd3 38. Qf2+ Kb5 39. Qf7 Qd5
40. Qg7 Qd1 41. Qxb7+ Kc5 42. Qf3 Qd7 43. Qh5 Qh7 44. g4 Kb4 45. g5 Qf5 46. Qh4
Qxe5+ 47. Qg3 Qxb2 48. Qb8+ Ka3 49. Qxb2+ Kxb2 50. h7 1-0

[Event "Lichtenberger Sommer"]
[Site "Berlin"]
[Date "2009.08.15"]
[Round "1.71"]
[White "Jabbusch, Burkhard"]
[Black "Pitz, Marko"]
[Result "1-0"]
[WhiteElo "1890"]
[BlackElo "1478"]
[PlyCount "41"]
[EventDate "2009.??.??"]
[WhiteTeam "FHSG Stralsund"]
[BlackTeam "Greifswalder SV"]

1. f4 e5 2. fxe5 Nc6 3. Nf3 f6 4. exf6 Nxf6 5. d3 Bc5 6. c3 d5 7. Bg5 d4 8.
Nbd2 Bf5 9. Qb3 Qd5 10. Bxf6 Qxb3 11. Nxb3 Bb6 12. Bxg7 dxc3 13. Bxh8 c2 14.
Bc3 O-O-O 15. Kd2 Ne7 16. Nh4 Bg4 17. h3 Bh5 18. g4 Bf7 19. Bg2 h5 20. Rhf1 Bg8
21. Bf6 1-0

[Event "Lichtenberger Sommer"]
[Site "Berlin"]
[Date "2009.08.15"]
[Round "1.72"]
[White "Gestrich, Wolfgang"]
[Black "Mai, Andreas"]
[Result "0-1"]
[WhiteElo "1474"]
[BlackElo "1885"]
[PlyCount "64"]
[EventDate "2009.??.??"]
[WhiteTeam "Potsdamer SV Mitte e.V."]
[BlackTeam "SC Friesen Lichtenberg e.V."]

1. c4 g6 2. Nc3 Bg7 3. g3 Nf6 4. Bg2 O-O 5. e4 e5 6. Nge2 Nc6 7. O-O d6 8. d3
Ne7 9. h3 Ne8 10. g4 f5 11. gxf5 gxf5 12. f4 Kh8 13. Ng3 Rf6 14. Nh5 Rg6 15.
Nxg7 Nxg7 16. Kh2 c6 17. fxe5 dxe5 18. Qf3 f4 19. Qe2 Ng8 20. Rf3 Qh4 21. Qf2
Qh5 22. Bd2 Bg4 23. Rg1 Ne6 24. Ne2 Nf6 25. Bc3 Rag8 26. Ng3 fxg3+ 27. Rxg3 Nf4
28. Bxe5 Qxe5 29. d4 Qc7 30. e5 N4h5 31. hxg4 Nxg3 32. Qxg3 Nxg4+ 0-1

[Event "Lichtenberger Sommer"]
[Site "Berlin"]
[Date "2009.08.15"]
[Round "1.73"]
[White "Schneider, Hans-Joachim"]
[Black "Winz, Michael"]
[Result "1-0"]
[WhiteElo "1884"]
[BlackElo "1470"]
[PlyCount "61"]
[EventDate "2009.??.??"]
[WhiteTeam "Schachpinguine Berlin e.V."]
[BlackTeam "SC Friesen Lichtenberg e.V."]

1. d4 d5 2. c4 Nf6 3. g3 e6 4. Bg2 b6 5. cxd5 exd5 6. Bg5 Be7 7. Nc3 Bb7 8. Nf3
O-O 9. O-O h6 10. Bf4 c6 11. Qc2 Bd6 12. Ne5 Nbd7 13. Nxc6 Bxc6 14. Bxd6 Re8
15. Ba3 Rc8 16. Rac1 Nf8 17. e3 Ne6 18. h4 Qd7 19. Qd3 Rc7 20. Qf5 Rec8 21.
Rfe1 Re8 22. Red1 Rec8 23. f3 a5 24. Qe5 Nd8 25. Ne2 Bb5 26. Rxc7 Rxc7 27. Nc3
Bc6 28. Bh3 b5 29. Bc5 b4 30. Ne2 Qc8 31. Bb6 1-0

[Event "Lichtenberger Sommer"]
[Site "Berlin"]
[Date "2009.08.15"]
[Round "1.74"]
[White "Sivakumaran, Ramesh"]
[Black "Tiemer, Klaus"]
[Result "1/2-1/2"]
[WhiteElo "1466"]
[BlackElo "1883"]
[PlyCount "74"]
[EventDate "2009.??.??"]
[WhiteTeam "SV Empor Berlin e.V."]
[BlackTeam "TSG Oberschöneweide e.V."]

1. c4 Nf6 2. g3 g6 3. Bg2 Bg7 4. Nf3 O-O 5. O-O d6 6. Nc3 e5 7. d4 Nbd7 8. dxe5
dxe5 9. h3 c6 10. Be3 Re8 11. Qb3 Qc7 12. c5 Bf8 13. Qc4 Be7 14. Ng5 Rf8 15.
Rfd1 Kg7 16. Qxf7+ Rxf7 17. Ne6+ Kg8 18. Nxc7 Rb8 19. Ne6 Nf8 20. Ng5 Rg7 21.
b4 Ne6 22. Nge4 Nc7 23. Nd6 Be6 24. Bh6 Nfd5 25. Bxg7 Kxg7 26. Nxd5 Nxd5 27.
Bxd5 Bxd5 28. e4 Be6 29. Kg2 b5 30. a3 a5 31. f4 Bf6 32. f5 Bb3 33. Rf1 a4 34.
Rab1 Bc2 35. Rbd1 Bxd1 36. Rxd1 h5 37. Kf2 Kf8 1/2-1/2